[Event "e2e4 Coventry Open"]
[Site "Coventry ENG"]
[Date "2013.08.26"]
[Round "6"]
[White "Gibson,Ch"]
[Black "O'Donnell,Conor"]
[Result "1/2-1/2"]
[WhiteElo "2017"]
[BlackElo "2108"]

1.d4 d5 2.c4 c6 3.Nf3 Nf6 4.Nc3 dxc4 5.a4 Bf5 6.e3 e6 7.Bxc4 Bb4 8.O-O O-O
9.Qe2 Bg4 10.Rd1 Nbd7 11.h3 Bxf3 12.Qxf3 Rc8 13.Na2 Bd6 14.e4 e5 15.d5 cxd5
16.Bxd5 Nxd5 17.Rxd5 Nb6 18.Rd3 Qe7 19.Nc3 Bb4 20.a5 Bxc3 21.axb6 Bd4 22.bxa7 Bxa7
23.Be3  1/2-1/2

[Event "ch-ESP Rapid 2013"]
[Site "Linares ESP"]
[Date "2013.08.26"]
[Round "5.12"]
[White "Vazquez Igarza,R"]
[Black "Alvarez Fernandez,E"]
[Result "1-0"]
[WhiteElo "2580"]
[BlackElo "2385"]

1.d4 d5 2.Nf3 Nf6 3.c4 c6 4.Nc3 dxc4 5.a4 Bf5 6.e3 e6 7.Bxc4 Bb4 8.O-O Nbd7
9.Qe2 O-O 10.e4 Bg6 11.Bd3 h6 12.h3 Re8 13.Bf4 c5 14.e5 Nh5 15.Be3 cxd4 16.Bxg6 fxg6
17.Bxd4 Nf4 18.Qe4 Rf8 19.Rad1 Bxc3 20.Bxc3 Qc7 21.Bb4 Nc5 22.Bxc5 Qxc5 23.Rd6 Rf7
24.Kh2 Raf8 25.Qd4 Qc2 26.Nd2 g5 27.Ne4 Qb3 28.Re1 Rf5 29.Re3 Qc2 30.Rd8 Nd5
31.Rxf8+ Rxf8 32.Re1 b6 33.Kg1 Rc8 34.Nd2 Qc5 35.Qg4 Qe7 36.g3 Nb4 37.Nf3 Nd3
38.Rd1 Nxb2 39.Rd6 Rc1+ 40.Kg2 Rc3 41.Qb4  1-0

[Event "XXX Collado Villalba Open 2013"]
[Site "Collado Villalba ESP"]
[Date "2013.08.28"]
[Round "6.17"]
[White "Cao Armillas,J"]
[Black "Martin Carmona,Gaston Manuel"]
[Result "1-0"]
[WhiteElo "2186"]
[BlackElo "1942"]

1.d4 d5 2.c4 c6 3.Nf3 Nf6 4.Nc3 dxc4 5.a4 Bf5 6.Ne5 Nbd7 7.Nxc4 Qc7 8.g3 e5
9.dxe5 Nxe5 10.Bf4 Nfd7 11.Bg2 g5 12.Bxe5 Nxe5 13.Qd4 f6 14.Ne3 Be6 15.O-O Nd7
16.Ne4 Be7 17.Nxg5 Bg8 18.Ne4 Qe5 19.Rfd1 Qxd4 20.Rxd4 Be6 21.Nd6+ Bxd6 22.Rxd6 Ke7
23.Rd4 Nc5 24.Rad1 a5 25.Be4 Nb3 26.Rd6 Nc5 27.Bc2 Rad8 28.R6d4 Rxd4 29.Rxd4 h5
30.Nf5+ Kf7 31.Nd6+ Ke7 32.Ne4 Nxe4 33.Rxe4 Rd8 34.Bb3 Rd6 35.Kg2 Kd7 36.Bxe6+ Rxe6
37.Kf3 Rd6 38.Ke3 Kc7 39.Rf4 Re6+ 40.Kd3 Rd6+ 41.Kc3 b5 42.Rf5 Kb6 43.axb5 cxb5
44.Rxh5 b4+ 45.Kb3 Rd2 46.Rf5 Rxe2 47.Rxf6+ Kc5 48.h4 a4+ 49.Kxa4 Rxb2 50.Rf4 Rb1
51.g4 Rh1 52.h5 Rg1 53.Kb3 Rc1 54.h6 Rb1+ 55.Kc2 Rh1 56.g5 Rh5 57.Rg4 Kb5
58.g6 Rxh6 59.g7 Rc6+ 60.Kb2  1-0

[Event "15th Sants Open 2013"]
[Site "Barcelona ESP"]
[Date "2013.08.29"]
[Round "7.7"]
[White "Bailet,P"]
[Black "Cori,J"]
[Result "1/2-1/2"]
[WhiteElo "2474"]
[BlackElo "2569"]

1.Nf3 d5 2.d4 c6 3.c4 Nf6 4.Nc3 dxc4 5.a4 Bf5 6.e3 e6 7.Bxc4 Bb4 8.O-O O-O
9.Qe2 Nbd7 10.e4 Bg6 11.Bd3 Bh5 12.Bf4 h6 13.e5 Nd5 14.Nxd5 cxd5 15.Qe3 Bg6
16.Bxh6 Bxd3 17.Bg5 f6 18.exf6 gxf6 19.Qxd3 fxg5 20.Qg6+ Kh8 21.Qh6+ Kg8
22.Qg6+ Kh8 23.Nxg5 Qe7 24.Qh6+ Kg8 25.Qg6+  1/2-1/2

[Event "12th Kesarovski Mem"]
[Site "Sunny Beach BUL"]
[Date "2013.09.02"]
[Round "3.8"]
[White "Nikolov,Mo"]
[Black "Codenotti,M"]
[Result "1/2-1/2"]
[WhiteElo "2534"]
[BlackElo "2370"]

1.Nf3 Nf6 2.c4 c6 3.d4 d5 4.Nc3 dxc4 5.a4 Bf5 6.Ne5 Na6 7.e3 Nb4 8.Bxc4 e6
9.O-O Bd6 10.Qe2 h6 11.e4 Bh7 12.f4 Bc7 13.Be3 O-O 14.f5 exf5 15.Nxf7 Rxf7
16.Bxf7+ Kxf7 17.Qc4+ Nbd5 18.exd5 Bxh2+ 19.Kxh2 Ng4+ 20.Kg1 Nxe3 21.Qb3 Nxf1
22.dxc6+ Kf8 23.Qb4+ Qe7 24.cxb7 Rb8 25.Qxe7+ Kxe7 26.Rxf1  1/2-1/2

[Event "12th Kesarovski Mem"]
[Site "Sunny Beach BUL"]
[Date "2013.09.04"]
[Round "5.8"]
[White "Nikolov,Mo"]
[Black "Maevsky,N"]
[Result "1-0"]
[WhiteElo "2534"]
[BlackElo "2328"]

1.d4 d5 2.Nf3 Nf6 3.c4 c6 4.Nc3 dxc4 5.a4 Bf5 6.Ne5 e6 7.f3 Bb4 8.Nxc4 O-O
9.Kf2 c5 10.e4 Bxc3 11.bxc3 Bxe4 12.Ba3 Bd5 13.Bxc5 Re8 14.Nd6 Re7 15.Ba3 Rd7
16.c4 Bc6 17.c5 Nd5 18.Bc4 Rc7 19.Re1 Nd7 20.Kg1 N7f6 21.Bb3 Ne8 22.Nc4 Nf4
23.Bc1 Ng6 24.Be3 Bd5 25.Nd2 Nf6 26.a5 e5 27.Qc2 exd4 28.Bxd4 Bxb3 29.Nxb3 Rc6
30.Rad1 Rac8 31.Bf2 Qf8 32.Qf5 Ne7 33.Qf4 Ng6 34.Qd4 Nh5 35.Qd7 R8c7 36.Qf5 Ngf4
37.Bh4 g6 38.Qe5 f6 39.Qe4 g5 40.Bf2 Re6 41.Qc2 Rce7 42.Rxe6 Nxe6 43.g3 Nhg7
44.Kg2 Qc8 45.Qc4 Kf8 46.Re1 Qe8 47.Rd1 h5 48.Qc3 Rf7 49.Nd2 Qd7 50.Qb3 Qc6
51.Ne4 f5 52.Rd6 Qc8 53.Nd2 g4 54.Qd5 gxf3+ 55.Nxf3 Re7 56.Bd4 Qe8 57.Bf6 Rc7
58.Bxg7+ Rxg7 59.Rxe6  1-0

[Event "TCh-ROU w 2013"]
[Site "Mamaia ROU"]
[Date "2013.09.06"]
[Round "7.3"]
[White "L'Ami,Alina"]
[Black "Craciun,P"]
[Result "1-0"]
[WhiteElo "2358"]
[BlackElo "2117"]

1.d4 d5 2.c4 c6 3.Nf3 Nf6 4.Nc3 dxc4 5.a4 Bf5 6.e3 e6 7.Bxc4 Bb4 8.O-O O-O
9.Qe2 Bg4 10.h3 Bh5 11.Rd1 Qe7 12.e4 Nbd7 13.Bg5 e5 14.d5 Rad8 15.g4 Bg6
16.Nh4 Nc5 17.Nxg6 hxg6 18.f3 a5 19.Kg2 Ncd7 20.h4 Nb6 21.Bb3 Rd6 22.dxc6 bxc6
23.Rxd6 Qxd6 24.Rd1 Qc7 25.h5 gxh5 26.Bxf6 gxf6 27.Qe3 Kg7 28.Rh1 Rh8 29.Rxh5 Rxh5
30.gxh5 Bxc3 31.Qxc3 Nc8 32.Bc4 Nd6 33.Bd5 c5 34.f4 exf4 35.h6+ Kxh6 36.Qxf6+ Kh7
37.e5 Ne8 38.Qxf7+ Qxf7 39.Bxf7 Nc7 40.Kf3 Kg7 41.Bc4 Na8 42.Kxf4 Nb6 43.b3 Kf8
44.e6 Ke8 45.Kf5 Ke7 46.Ke4  1-0

[Event "10th LGA Premium Cup GpA"]
[Site "Nuernberg GER"]
[Date "2013.09.06"]
[Round "3.3"]
[White "Ftacnik,L"]
[Black "Hector,J"]
[Result "1-0"]
[WhiteElo "2550"]
[BlackElo "2507"]

1.Nf3 d5 2.d4 Nf6 3.c4 c6 4.Nc3 dxc4 5.a4 Bf5 6.Ne5 Nbd7 7.Nxc4 Qc7 8.g3 e5
9.dxe5 Nxe5 10.Bf4 Nfd7 11.Bg2 Be7 12.O-O g5 13.Bxe5 Nxe5 14.Qd4 f6 15.Ne3 Bg6
16.a5 O-O 17.Rfc1 Kh8 18.a6 b6 19.Nb5 Qc8 20.b4 Rd8 21.Qb2 Qd7 22.Rd1 Qc8
23.Nd4 Rb8 24.Nxc6 Nxc6 25.Rdc1 Rd6 26.b5 Be8 27.bxc6 Bxc6 28.Nd5 Qe6 29.Rxc6 Rxc6
30.Nxe7 Rc5 31.Nd5 Kg7 32.e4 Rbc8 33.Bh3 Qe5 34.Qxe5 Rc1+ 35.Kg2 fxe5 36.Ra3 R8c6
37.Bd7 Rd6 38.Be8 Rd8 39.Bh5 Rc4 40.Ne3 Rc5 41.Be2 Rd2 42.Bc4 h5 43.g4 h4
44.Bd5 Kh7 45.Nf5 Rdc2 46.Rf3 R5c3 47.Ne3 Rd2 48.h3 Kg6 49.Nc4 Rxf3 50.Nxe5+ Kh6
51.Kxf3 b5 52.Nc6 Rd3+ 53.Kg2 Ra3 54.e5 Kg7 55.e6 Ra1 56.e7 Re1 57.Nxa7  1-0

[Event "TCh-ROU 2013"]
[Site "Mamaia ROU"]
[Date "2013.09.07"]
[Round "8.1"]
[White "Timoshenko,G"]
[Black "Pop,A"]
[Result "1-0"]
[WhiteElo "2518"]
[BlackElo "2284"]

1.d4 d5 2.c4 c6 3.Nf3 Nf6 4.Nc3 dxc4 5.a4 Bf5 6.e3 e6 7.Bxc4 Bb4 8.O-O Nbd7
9.Nh4 O-O 10.h3 Nb6 11.Bb3 Nbd5 12.Nxf5 exf5 13.Bd2 a5 14.Qf3 Ne4 15.Be1 Ndxc3
16.bxc3 Bxc3 17.Bxc3 Nxc3 18.Qxf5 Qe7 19.Qd3 Ne4 20.Rab1 g6 21.Rb2 Nd6 22.Rc1 Rfb8
23.Rc5 Ra6 24.Bd1 Qe8 25.Bf3 Rc8 26.h4 Qd8 27.g3 Rb6 28.Qb1 Rxb2 29.Qxb2 Rb8
30.Kg2 Ra8 31.h5 Ra6 32.Qc3 Qb6 33.d5 Qb4 34.dxc6 bxc6 35.Qe5 Nf5 36.Bxc6  1-0

[Event "10th LGA Premium Cup GpA"]
[Site "Nuernberg GER"]
[Date "2013.09.07"]
[Round "5.4"]
[White "Baramidze,D"]
[Black "Hector,J"]
[Result "1/2-1/2"]
[WhiteElo "2608"]
[BlackElo "2507"]

1.d4 d5 2.c4 c6 3.Nf3 Nf6 4.Nc3 dxc4 5.a4 Bf5 6.Ne5 Nbd7 7.Nxc4 Qc7 8.g3 e5
9.dxe5 Nxe5 10.Bf4 Nfd7 11.Bg2 f6 12.O-O g5 13.Nxe5 gxf4 14.Nxd7 Qxd7 15.Qxd7+ Kxd7
16.Rfd1+ Bd6 17.Rd4 Rad8 18.gxf4 Rhg8 19.Kf1 Kc7 20.Rad1 a5 21.e3 Be6 22.Be4 h5
23.Ke2 Be7 24.Rxd8 Bxd8 25.f5 Bb3 26.Rc1 Kd7 27.Bc2 Bc4+ 28.Kf3 Bc7 29.h3 Be5
30.Ne2 Kc7 31.Nd4 Bxd4 32.exd4 Kd6 33.Be4 Bb3 34.Bc2 Bf7 35.Be4 Bb3 36.Rc5 Ra8
37.Bc2 Bd5+ 38.Be4 b6 39.Rc3 Bxe4+ 40.Kxe4 Re8+ 41.Kf3 Kd5 42.Re3 Rc8 43.Re6 Kxd4
44.Rxf6 Ke5 45.Rh6 Kxf5 46.Rxh5+ Kg6 47.Re5 Kf6 48.Rh5 Kg6 49.Rh4 b5 50.b3 Rb8
51.Rd4 Kf5 52.Rf4+ Ke5 53.Re4+ Kf5 54.Rh4 Kg5 55.Kg3 bxa4 56.f4+ Kg6 57.bxa4 c5
58.Rg4+ Kf6 59.Rg5 Rc8 60.Kf3 c4 61.Ke2 c3 62.Kd1 Rc4 63.Rxa5 Rxf4 64.Kc2 Rh4
65.Kxc3 Ke6 66.Ra7 Kd6 67.a5  1/2-1/2

[Event "FSGM Sept 2013"]
[Site "Budapest HUN"]
[Date "2013.09.14"]
[Round "6.4"]
[White "Andersen,Mad"]
[Black "Arngrimsson,D"]
[Result "1-0"]
[WhiteElo "2479"]
[BlackElo "2381"]

1.d4 d5 2.c4 c6 3.Nf3 Nf6 4.Nc3 dxc4 5.a4 Bf5 6.Ne5 Nbd7 7.Nxc4 Qc7 8.g3 e5
9.dxe5 Nxe5 10.Bf4 Nfd7 11.Bg2 g5 12.Ne3 gxf4 13.Nxf5 O-O-O 14.Qc2 Kb8 15.O-O fxg3
16.hxg3 h5 17.Rfd1 Ng4 18.Qe4 Bc5 19.e3 Ndf6 20.Qf3 Rde8 21.Rac1 h4 22.Nb5 Qe5
23.Nxh4 Nxf2 24.Rxc5 Qxc5 25.Qf4+ Re5 26.Qxf6 Rc8 27.Qxf2 cxb5 28.Rd7 Rc7
29.Rd8+ Rc8 30.Qd2 Qxe3+ 31.Kh2 Re7 32.Qd6+ Rc7 33.Rxc8+ Kxc8 34.axb5 Qe7
35.Qd3 Qc5  1-0

[Event "ch-Vienna State 2013"]
[Site "Vienna AUT"]
[Date "2013.09.15"]
[Round "9.5"]
[White "Wukits,R"]
[Black "Wallner,J"]
[Result "1-0"]
[WhiteElo "2282"]
[BlackElo "2384"]

1.d4 d5 2.c4 c6 3.Nf3 Nf6 4.Nc3 dxc4 5.a4 Bf5 6.g3 e6 7.Bg2 Na6 8.O-O Nb4
9.Ne5 Bc2 10.Qd2 Bb3 11.e3 Bd6 12.f4 Nc2 13.Rb1 Nd5 14.Qe2 Qa5 15.Bd2 Qa6
16.Ne4 Be7 17.f5 exf5 18.Rxf5 Rf8 19.Nc3 g6 20.Bxd5 cxd5 21.Nxd5 Rc8 22.Rf2 Qe6
23.Nxe7 Qxe7 24.Rbf1 f6 25.Qg4 Rc7 26.a5 Ba4 27.a6 b5 28.Qe4 b4 29.Qa8+ Qd8
30.Qe4 Qe7 31.Qa8+ Qd8 32.Qg2 c3 33.bxc3 bxc3 34.Bc1 Bb5 35.Ng4 Bxf1 36.Qxf1 Nb4
37.Nxf6+ Rxf6 38.Rxf6 Qd5 39.Qf4 Qc4 40.Rf8+ Kd7 41.Rf7+ Kd8 42.Qd6+  1-0

[Event "I Azuqueca Chess Classic 2013"]
[Site "Azuqueca de Henares ESP"]
[Date "2013.09.16"]
[Round "3.3"]
[White "Del Rio de Angelis,S"]
[Black "Ortega Ruiz,J"]
[Result "1/2-1/2"]
[WhiteElo "2499"]
[BlackElo "2338"]

1.d4 d5 2.c4 c6 3.Nf3 Nf6 4.Nc3 dxc4 5.a4 Bf5 6.e3 e6 7.Bxc4 Bb4 8.O-O Nbd7
9.Qe2 O-O 10.e4 Bg6 11.e5 Nd5 12.Bd2 Ne7 13.Rfd1 a5 14.Bg5 Nb6 15.Bb3 Qd7
16.Ne4 Nbd5 17.Nc5 Qc7 18.Rac1 h6 19.Bd2 Rfd8 20.Bxb4 Nxb4 21.h3 b6 22.Ne4 Rd7
23.Nd6 Nf5 24.d5 exd5 25.Nxf5 Bxf5 26.Nd4 Be4 27.f3 Bg6 28.f4 Be4 29.e6 Re7
30.f5 c5 31.exf7+ Rxf7 32.Nb5 Qe7 33.Nc3 c4 34.Bxc4 Qc5+ 35.Kh1 Qxc4 36.Qxc4 Bxg2+
37.Kxg2 dxc4 38.Nd5 Re8 39.Rxc4 Re2+ 40.Kf3 Rxb2 41.Nxb4 axb4 42.Rd5 g6 43.Rc6 Rb3+
44.Kf4 gxf5 45.Rxb6 Rxh3 46.Rxf5 Rh4+ 47.Kg3 Rc4 48.Rxf7 Kxf7 49.a5 Rc3+
50.Kg2 Ra3  1/2-1/2

[Event "Baku Open 2013"]
[Site "Baku AZE"]
[Date "2013.09.21"]
[Round "3.21"]
[White "Nigalidze,G"]
[Black "Izzat,Kanan"]
[Result "0-1"]
[WhiteElo "2508"]
[BlackElo "2347"]

1.Nf3 Nf6 2.c4 c6 3.d4 d5 4.Nc3 dxc4 5.a4 Bf5 6.Ne5 e6 7.e3 Bb4 8.Bxc4 O-O
9.O-O Nbd7 10.Qe2 Bg6 11.Nxg6 hxg6 12.Rd1 Qe7 13.e4 e5 14.d5 Bc5 15.a5 Bd4
16.a6 Nb6 17.Bb3 cxd5 18.exd5 Qb4 19.axb7 Rab8 20.Ba2 Rxb7 21.Be3 Rd8 22.Qd3 Nbxd5
23.Bxd4 Nf4 24.Qe3 Rxd4 25.Qxe5 Nd3 26.Qe3 Re7 27.Qd2 Nxb2 28.Qxd4 Re1+ 29.Rxe1 Qxd4
30.Ne2 Qd2 31.Ng3 Nd3 32.Re2 Qc3 33.Rd1 Nf4 34.Red2 Qc6 35.f3 g5 36.Rd8+ Kh7
37.Bb1+ g6 38.R8d2 g4 39.Ne4 gxf3 40.Ng5+ Kg7 41.Nxf3 Ng4 42.Nd4 Qb6 43.Be4 Qb4
44.Bf3 Ne5 45.h3 Nc4 46.Rf2 Nb2 47.Nc2 Qc5 48.Rd4 Nbd3  0-1

[Event "e2e4 Bedford Open 2013"]
[Site "Bedford ENG"]
[Date "2013.09.21"]
[Round "2"]
[White "Walton,A"]
[Black "Calvert,D"]
[Result "0-1"]
[WhiteElo "2138"]
[BlackElo "1985"]

1.d4 d5 2.c4 c6 3.Nf3 Nf6 4.Nc3 dxc4 5.a4 Bf5 6.Ne5 Nbd7 7.Nxc4 Nb6 8.Ne5 a5
9.f3 Nfd7 10.Nxd7 Nxd7 11.e4 Bg6 12.Be3 Qb6 13.Qd2 e5 14.O-O-O O-O-O 15.h4 exd4
16.Bxd4 Bc5 17.g3 Bxd4 18.Qxd4 Qxd4 19.Rxd4 f6 20.Bh3 Kc7 21.Rhd1 Nc5 22.Rxd8 Rxd8
23.Rxd8 Kxd8 24.Bf5 Bxf5 25.exf5 Nd3+ 26.Kb1 Kd7 27.Ne4 b5 28.axb5 cxb5 29.h5 h6
30.Kc2 Ne1+ 31.Kc3 Nxf3 32.Nc5+ Kc6 33.Ne6 Ng5 34.Kd4 Nxe6+ 35.fxe6 Kd6 36.e7 Kxe7
37.Kc5 b4 38.Kb5 g5 39.hxg6 f5  0-1

[Event "TCh-CRO Ia Liga 2013"]
[Site "Bol CRO"]
[Date "2013.09.21"]
[Round "8.4"]
[White "Kuljasevic,D"]
[Black "Petrov,J"]
[Result "1-0"]
[WhiteElo "2591"]
[BlackElo "2416"]

1.d4 d5 2.c4 c6 3.Nf3 Nf6 4.Nc3 dxc4 5.a4 Bf5 6.Nh4 e6 7.Nxf5 exf5 8.e3 Bb4
9.Bxc4 a5 10.O-O O-O 11.h3 Nbd7 12.Qf3 g6 13.g4 Nb6 14.Bb3 fxg4 15.hxg4 Be7
16.Rd1 h5 17.gxh5 Nxh5 18.e4 Kg7 19.d5 cxd5 20.Nxd5 Nxd5 21.Rxd5 Qe8 22.Be3 Bf6
23.Rxh5 gxh5 24.Kh1 Qe5 25.Rg1+ Kh7 26.Bd4  1-0

[Event "2nd GP Pyramides-Trophee Kaissa"]
[Site "Le Port-Marly FRA"]
[Date "2013.09.21"]
[Round "4.1"]
[White "Shchekachev,A"]
[Black "Vachier Lagrave,M"]
[Result "1/2-1/2"]
[WhiteElo "2517"]
[BlackElo "2722"]

1.Nf3 d5 2.d4 Nf6 3.c4 c6 4.Nc3 dxc4 5.a4 Bf5 6.e3 e6 7.Bxc4 Bb4 8.O-O Nbd7
9.Qe2 Bg6 10.e4 O-O 11.Bd3 Bh5 12.e5 Nd5 13.Nxd5 cxd5 14.Qe3 Bg6 15.Bxg6 fxg6
16.Ng5 Re8 17.Bd2 Bxd2 18.Qxd2 Nb8 19.a5 Nc6 20.Nf3 Qe7 21.Rfc1 Rac8 22.h4 a6
23.Ra3 Rf8 24.Rb3 h6 25.Rb6 Rc7 26.b4 Rxf3 27.gxf3 Qxh4  1/2-1/2

[Event "TCh-NED Meesterklasse 2013-14"]
[Site "Netherland NED"]
[Date "2013.09.21"]
[Round "1.8"]
[White "Vereggen,L"]
[Black "Lemmers,O"]
[Result "1/2-1/2"]
[WhiteElo "2116"]
[BlackElo "2383"]

1.d4 d5 2.c4 c6 3.Nf3 Nf6 4.Nc3 dxc4 5.a4 Bf5 6.e3 e6 7.Bxc4 Bb4 8.O-O Nbd7
9.Qe2 O-O 10.Rd1 Qa5 11.Bd2 Bg4 12.h3 Bh5 13.g4 Bg6 14.Be1 Rfd8 15.Nd2 Qc7
16.Nb3 Nb6 17.a5 Nxc4 18.Qxc4 Bxc3 19.bxc3 Nd7 20.f3 Rac8 21.e4 Qf4 22.Kg2 Qd6
23.Bg3 Qe7 24.Qb4 Qxb4 25.cxb4 f5 26.exf5 exf5 27.Nc5 Nxc5 28.bxc5 Rd5 29.Be5 Re8  1/2-1/2

[Event "Baku Open 2013"]
[Site "Baku AZE"]
[Date "2013.09.23"]
[Round "5.27"]
[White "Omar,Noa"]
[Black "Mikheev,S"]
[Result "1/2-1/2"]
[WhiteElo "2362"]
[BlackElo "2259"]

1.d4 d5 2.c4 c6 3.Nf3 Nf6 4.Nc3 dxc4 5.a4 Bf5 6.e3 e6 7.Bxc4 Bb4 8.O-O Nbd7
9.h3 O-O 10.Nh4 Bg6 11.Nxg6 hxg6 12.Qc2 Rc8 13.Rd1 Qe7 14.a5 Rfd8 15.Qb3 Nf8
16.Bd2 Bd6 17.e4 e5 18.Be3 exd4 19.Bxd4 Bb8 20.Be3 Ne8 21.g3 Ne6 22.Bxe6 Qxe6
23.Qxe6 fxe6 24.Bg5 Nf6 25.f4 Kf7 26.Rxd8 Rxd8 27.e5 Rd3 28.exf6 gxf6 29.Bh6 Rxg3+
30.Kh2 Rd3 31.Kg2 Rd2+ 32.Kf1 Rxb2 33.Rd1 Ke7 34.Bf8+ Ke8 35.Bg7 Rb4 36.Ne2 Ke7
37.Bf8+ Kxf8 38.Rd8+ Ke7 39.Rxb8 Rb5 40.Kf2 g5 41.fxg5 fxg5 42.Ng3 Rxa5 43.Rxb7+ Kf6
44.Rc7 Ra2+ 45.Ne2 Ra3 46.Ng1 Ra2+ 47.Kg3 Ra6 48.Rc8 e5 49.Rf8+ Kg6 50.Nf3 Ra3
51.Kg2 Ra2+ 52.Kg3 Ra3 53.Kf2 e4 54.Ne5+ Kg7 55.Rf7+ Kh6 56.Kg2 c5 57.Rc7 e3
58.Rxc5 a5 59.Ng4+ Kg6 60.Re5 Ra2+ 61.Kg3 e2 62.Nh2 a4 63.Nf3 Kf6 64.Re3 a3
65.Kf2 Kg6 66.Re5 Rb2 67.Rxg5+ Kf6 68.Ra5 e1=Q+ 69.Kxe1 a2 70.Ra6+ Kg7  1/2-1/2

[Event "Pankrac Cup 2013"]
[Site "Prague CZE"]
[Date "2013.09.24"]
[Round "3"]
[White "Prochazka,D"]
[Black "Plesek,J"]
[Result "1/2-1/2"]
[WhiteElo "2202"]
[BlackElo "2147"]

1.d4 d5 2.c4 c6 3.Nf3 Nf6 4.Nc3 dxc4 5.a4 Bf5 6.e3 e6 7.Bxc4 Bb4 8.O-O O-O
9.Bd3 Bxd3 10.Qxd3 Nbd7 11.e4 Bxc3 12.bxc3 Nc5 13.Qb1 Ncxe4 14.Ba3 Re8 15.Qxb7 Qb6
16.Rab1 Qxb7 17.Rxb7 Nxc3 18.Ne5 Reb8  1/2-1/2

[Event "Baku Open 2013"]
[Site "Baku AZE"]
[Date "2013.09.26"]
[Round "8.10"]
[White "Mchedlishvili,M"]
[Black "Anurag,M"]
[Result "1-0"]
[WhiteElo "2633"]
[BlackElo "2426"]

1.d4 d5 2.Nf3 Nf6 3.c4 c6 4.Nc3 dxc4 5.a4 Bf5 6.Ne5 Nbd7 7.Nxc4 Qc7 8.g3 e5
9.dxe5 Nxe5 10.Bf4 Nfd7 11.Bg2 f6 12.O-O Nc5 13.Ne3 Bg6 14.b4 Ne6 15.b5 Rd8
16.Qb3 Nd4 17.Qb2 Bc5 18.Ng4 O-O 19.Ne4 Be7 20.Kh1 Qd7 21.Nxe5 fxe5 22.Bxe5 Bxe4
23.Bxe4 Qe6 24.Qa2 Nb3 25.Rab1 Qxe5 26.Qxb3+ Kh8 27.Bf3 Rd4 28.Qc2 Rd6 29.bxc6 bxc6
30.Rb7 Rh6 31.Qe4 Qxe4 32.Bxe4 Re6 33.Bf3 Bc5 34.Kg2 Bb6 35.Rd1 c5 36.Rdd7 Rg6
37.Be4 Rgf6 38.f3 Rg8 39.Bd5 Re8 40.Rxg7  1-0

[Event "Baku Open 2013"]
[Site "Baku AZE"]
[Date "2013.09.26"]
[Round "8.31"]
[White "Guliev,Sarh"]
[Black "Mammadzada,G"]
[Result "1-0"]
[WhiteElo "2460"]
[BlackElo "2104"]

1.d4 d5 2.c4 c6 3.Nf3 Nf6 4.Nc3 dxc4 5.a4 Bf5 6.e3 e6 7.Bxc4 Bb4 8.O-O O-O
9.Qe2 Nbd7 10.e4 Bg6 11.Bd3 Bh5 12.Bg5 e5 13.dxe5 Nxe5 14.Rfd1 Qe7 15.Na2 Bd6
16.Bh4 Bxf3 17.gxf3 Ng6 18.Bg3 Be5 19.Nc3 Nh5 20.a5 Nhf4 21.Qe3 h5 22.Ne2 Qf6
23.Nxf4 Nxf4 24.h4 Ng6 25.Qg5 Bxb2 26.Rab1 Qxf3 27.Qf5 Ne5 28.Qxf3 Nxf3+
29.Kg2 Bd4 30.Kxf3 b6 31.a6 Rad8 32.Rbc1 Bc5 33.Bc4 Rfe8 34.e5 Bd4 35.Bb3  1-0

[Event "UKR-POL Academic Teams"]
[Site "Lviv UKR"]
[Date "2013.09.28"]
[Round "5"]
[White "Skliarov,Olexandr"]
[Black "Tazbir,M"]
[Result "0-1"]
[WhiteElo "2098"]
[BlackElo "2552"]

1.d4 d5 2.c4 dxc4 3.Nf3 Nf6 4.Nc3 c6 5.a4 Bf5 6.e3 e6 7.Bxc4 Nbd7 8.O-O Bb4
9.Qb3 Qb6 10.Na2 Bd6 11.a5 Qxb3 12.Bxb3 b5 13.Bd2 c5 14.Rfc1 Ke7 15.Bc2 c4
16.Bb4 Bxb4 17.Nxb4 Bxc2 18.Rxc2 Nd5 19.Nc6+ Kd6 20.Nce5 Nxe5 21.Nxe5 Rhf8
22.b3 Nb4 23.Rc3 f6 24.Nf3 Nd5 25.Rc2 cxb3 26.Rb2 Rfc8 27.Rxb3 a6 28.Nd2 f5
29.Rb2 Nf6 30.Nb3 Rc3 31.Kf1 Ne4 32.Raa2 Rac8 33.f3 Rxb3 34.Rxb3 Rc1+ 35.Ke2 Nc3+
36.Rxc3 Rxc3 37.e4 fxe4 38.fxe4 Kc6 39.Rb2 Ra3 40.Rc2+ Kd6 41.Rc8 Rxa5 42.Kf3 Ra3+
43.Kf4 Ra2 44.Rd8+ Kc7 45.Rg8 Rxg2 46.Ke5 Rg6 47.Ra8 Kb7 48.Rf8 b4 49.h4 h5
50.Kd6 a5 51.Kc5 b3 52.Kb5 b2 53.Rf7+ Kc8 54.Rf1 Kd7 55.Rb1 Rg2 56.Kxa5 e5
57.d5 Re2 58.Kb5 Kd6  0-1

[Event "TCh-BEL 2013-14"]
[Site "Belgium BEL"]
[Date "2013.09.29"]
[Round "2.6"]
[White "De Haan,E"]
[Black "Hautot,S"]
[Result "1/2-1/2"]
[WhiteElo "2300"]
[BlackElo "2377"]

1.d4 d5 2.c4 c6 3.Nf3 Nf6 4.Nc3 dxc4 5.a4 Bf5 6.Ne5 Nbd7 7.Nxc4 Nb6 8.Ne5 a5
9.g3 Nfd7 10.Nxd7 Nxd7 11.e4 Bg6 12.f4 e6 13.Bg2 Be7 14.O-O f6 15.Be3 Bf7
16.d5 Bc5 17.Bxc5 Nxc5 18.dxc6 bxc6 19.Qxd8+ Rxd8 20.e5 fxe5 21.Bxc6+ Ke7
22.fxe5 Bg6 23.Bb5 Rd2 24.Rf2  1/2-1/2

[Event "Oslo Int Open 2013"]
[Site "Oslo NOR"]
[Date "2013.09.29"]
[Round "2"]
[White "Lundin,J"]
[Black "Bjerke,R"]
[Result "1-0"]
[WhiteElo "2285"]
[BlackElo "2173"]

1.Nf3 d5 2.d4 Nf6 3.c4 c6 4.Nc3 dxc4 5.a4 Bf5 6.Nh4 e6 7.Nxf5 exf5 8.Bg5 Nbd7
9.e3 Qa5 10.Bxf6 Nxf6 11.Bxc4 Bb4 12.Qb3 O-O 13.O-O Rab8 14.g3 h5 15.Rfd1 h4
16.Rac1 g6 17.Bf1 Kg7 18.Bg2 Rfd8 19.Nb1 Nd5 20.Na3 hxg3 21.hxg3 Nb6 22.Ra1 Bxa3
23.Qxa3 Nd5 24.Rac1 Qb4 25.Qxb4 Nxb4 26.a5 Rd7 27.Rc4 Nd5 28.a6 bxa6 29.Rxc6 Rxb2
30.Bxd5 Rxd5 31.Rxa6 Rd7 32.Rda1 Rbb7 33.Kg2 Rbc7 34.R1a5 Rb7 35.Kf3 Rbc7
36.Kf4 Rc2 37.Ra2 Rxa2 38.Rxa2 Re7 39.Ra6 Re4+ 40.Kf3 Re7 41.g4 fxg4+ 42.Kxg4 Kf8
43.Kf4 Rb7 44.e4 Rd7 45.Ke3 Ke7 46.e5 Rb7 47.Ke4 Kd7 48.f4 Ke7 49.f5 gxf5+
50.Kxf5 Rd7 51.Ke4 Rb7 52.d5 Rb4+ 53.Kf5 Rb7 54.d6+ Ke8 55.Ra1 Rb2 56.Rxa7 Rf2+
57.Ke4 Re2+ 58.Kf4 Re1 59.Re7+ Kf8 60.Kf5 Rd1 61.Ra7 Rd2 62.Ra8+ Kg7 63.Re8 Rd1
64.Rb8 Rd2 65.Rb1 Rf2+ 66.Ke4 Rd2 67.Rb3 Rd1 68.Rd3 Re1+ 69.Kd5 Kf8 70.Rc3 Ke8
71.Rc8+ Kd7 72.Rc7+ Ke8 73.Re7+ Kf8 74.Kc6 Rc1+ 75.Kd7 Rc5 76.Re8+ Kg7 77.Kd8 Rd5
78.Kc7 Rc5+ 79.Kb6 Rd5 80.Kc6 Rd1 81.d7 Rc1+ 82.Kb5  1-0

[Event "Oslo Int Open 2013"]
[Site "Oslo NOR"]
[Date "2013.09.29"]
[Round "3"]
[White "Elsness,F"]
[Black "Schoellmann,J"]
[Result "1/2-1/2"]
[WhiteElo "2505"]
[BlackElo "2268"]

1.d4 d5 2.c4 c6 3.Nc3 Nf6 4.Nf3 dxc4 5.a4 Bf5 6.Ne5 Nbd7 7.Nxc4 Qc7 8.g3 e5
9.dxe5 Nxe5 10.Bf4 Nfd7 11.Bg2 f6 12.O-O Be6 13.Nxe5 Nxe5 14.Qc2 Qa5 15.Rfb1 Qb4
16.b3 a5 17.Ne4 Be7 18.Bd2 Qb6 19.Be3 Qc7 20.Nc5 Bf7 21.Bh3 O-O 22.Rd1 Bxc5
23.Bxc5 Rfd8 24.f4 Ng6 25.Bf5 b6 26.Be3 c5 27.Kf2 Rxd1 28.Rxd1 Rd8 29.Rd3 Nf8
30.Be4 Qe7 31.Rxd8 Qxd8 32.f5 Nd7 33.Qd3 Qe7 34.Bd5 Ne5 35.Bxf7+ Kxf7 36.Qd5+ Ke8
37.Qa8+ Qd8 38.Qxd8+ Kxd8 39.Bf4 Nc6 40.e3 Kd7 41.Kf3 Ne7 42.Ke4 h5 43.h3 Kc6
44.g4 hxg4 45.hxg4 Nd5 46.Bg3 c4 47.bxc4 Nc3+ 48.Kd3 Nxa4 49.Kc2 Nc5 50.Be1 b5
51.Bxa5 bxc4 52.Bb4 Kd5 53.Ba3 Nd7 54.Kc3 Ne5 55.Bf8 Nxg4 56.Bxg7 Nf2 57.Kb4 Ne4
58.Bf8 c3 59.Kb3 Ke5 60.Bb4 Kxf5 61.Bxc3  1/2-1/2

[Event "Tatry Open 2013"]
[Site "Tatranske Zruby SVK"]
[Date "2013.09.29"]
[Round "1.26"]
[White "Matras,On"]
[Black "Kolesar,Mil"]
[Result "0-1"]
[WhiteElo "2261"]
[BlackElo "2141"]

1.d4 d5 2.c4 c6 3.Nc3 Nf6 4.Nf3 dxc4 5.a4 Bf5 6.Ne5 Nbd7 7.Nxc4 Qc7 8.g3 e5
9.dxe5 Nxe5 10.Bf4 Nfd7 11.Nxe5 Nxe5 12.Qd4 f6 13.Bg2 Qd6 14.Bxe5 Qxe5 15.Qxe5+ fxe5
16.O-O a5 17.Be4 Be6 18.Bb1 Bb4 19.Ba2 Bg4 20.Rfd1 Rd8 21.f3 Bf5 22.Bb3 Ke7
23.g4 Bg6 24.Kg2 Rhf8 25.h4 h6 26.h5 Bh7 27.e4 g6 28.hxg6 Bxg6 29.Rxd8 Rxd8
30.Rd1 Rxd1 31.Nxd1 Bc5 32.Nf2 Bd4 33.Nd3 Kd6 34.Bc2 b5 35.axb5 cxb5 36.b3 Be3
37.Kf1 Be8 38.Ke2 Bg5 39.Kd1 Be3 40.Ke2 Bd4 41.f4 exf4 42.Nxf4 a4 43.Kd3 a3
44.Bb1 Be5 45.Nd5 Bf7 46.Ba2 Be6 47.Ne3 Bf4 48.Nf5+ Bxf5 49.exf5 b4 50.Ke4 Be5
51.Bb1 Bc3 52.Ba2 Ke7 53.Bb1 Kf6 54.Kf4 Bd2+ 55.Ke4 Kg5 56.Kf3 Bc3 57.Ba2 Kh4
58.Kf4 Bf6 59.Bb1 Kh3 60.Kf3 Kh2 61.Kf2 Bd4+ 62.Kf3 Kg1 63.Ke4 Bg7 64.Kd5 Kf2
65.Ke6 Kg3 66.Kf7 Bc3 67.Kg6 Kxg4 68.f6 Bxf6 69.Kxf6 h5 70.Ke5 h4  0-1

[Event "23rd EYCC Open U16 2013"]
[Site "Budva MNE"]
[Date "2013.10.08"]
[Round "9.13"]
[White "Grigorian,Sp"]
[Black "Naoum,S"]
[Result "0-1"]
[WhiteElo "2144"]
[BlackElo "2203"]

1.d4 d5 2.Nf3 Nf6 3.c4 c6 4.Nc3 dxc4 5.a4 Bf5 6.Nh4 Bd7 7.e4 e6 8.Qc2 b5
9.Nf3 Be7 10.Be2 a6 11.O-O O-O 12.Rd1 Qc8 13.Bg5 h6 14.Bh4 Bd8 15.Ne5 Be8
16.Bf3 Nbd7 17.axb5 axb5 18.Rxa8 Qxa8 19.Nxd7 Bxd7 20.Bxf6 Bxf6 21.e5 Be7
22.Nxb5 Qb7 23.Na3 Bxa3 24.bxa3 Qb3 25.Rc1 Ra8 26.Qxc4 Rxa3 27.Qxb3 Rxb3
28.h4 Rb4 29.Rd1 Kf8 30.g3 Ke7 31.Kf1 Rc4 32.Be2 Ra4 33.Bf3 c5 34.dxc5 Rc4
35.c6 Bxc6 36.Bxc6 Rxc6 37.Ra1 g5 38.hxg5 hxg5 39.Ke2 Kf8 40.f4 Rc3 41.Kf2 Kg7
42.Re1 Kg6 43.Re3 Rc4 44.Rf3 Rc2+ 45.Ke3 g4 46.Rf2 Rc3+ 47.Ke4 Rxg3 48.Rh2 Rh3
49.Rg2 Kh5 50.Ra2 Rh1 51.Ke3 Re1+ 52.Kf2 Re4 53.Kg3 Re3+ 54.Kg2 Rf3 55.Ra4 Kh4
56.Rb4 Ra3 57.Rb7 Ra2+ 58.Kf1 Kh3 59.Ke1 g3 60.f5 Ra1+ 61.Kd2 g2 62.fxe6  0-1